[Event "OLSW 1920 SK Gau-Algesheim - Turm Illing"]
[Site "?"]
[Date "2020.01.19"]
[Round "5.4"]
[White "Frede, Lennart"]
[Black "Giese, Tilman"]
[Result "1-0"]
[WhiteElo "2176"]
[BlackElo "2000"]
[PlyCount "138"]
[EventDate "2020.??.??"]

1. e4 c5 2. Nc3 Nc6 3. Nf3 e6 4. Bb5 Qc7 5. O-O Be7 6. d3 Nf6 7. Re1 O-O 8. e5
Nd5 9. Nxd5 exd5 10. d4 a6 11. Be2 cxd4 12. Bf4 Bc5 13. a3 f6 14. Bd3 d6 15.
exf6 gxf6 16. b4 Bb6 17. Bh6 Rd8 18. Nh4 Ne5 19. Bf5 Qf7 20. Bxc8 Raxc8 21. Nf5
Rc4 22. Rxe5 dxe5 23. Qg4+ Qg6 24. Ne7+ Kf7 25. Nxg6 hxg6 26. Qe2 Rdc8 27. Ra2
e4 28. h3 Bc7 29. g3 Rh8 30. Bf4 Bxf4 31. gxf4 Rh4 32. Kf1 Rxf4 33. b5 a5 34.
Rb2 a4 35. Ke1 Rf3 36. Rb4 Rxb4 37. axb4 a3 38. Qd1 Rxh3 39. Qxd4 Ke6 40. Kd2
Rh7 41. Qa7 Rd7 42. c3 f5 43. Ke3 g5 44. Kd4 f4 45. Qb6+ Kf5 46. Qa7 Ke6 47.
Qb6+ Kf5 48. Qa5 Ke6 49. b6 Rd6 50. b5 Rd8 51. c4 e3 52. fxe3 dxc4+ 53. Ke4
fxe3 54. Kxe3 g4 55. Qa4 Rc8 56. Qxa3 c3 57. Qb3+ Ke5 58. Qf7 Kd6 59. Qf6+ Kd7
60. Qd4+ Ke7 61. Qxg4 Kd8 62. Qd4+ Ke7 63. Qe4+ Kd8 64. Qc2 Ke7 65. Kd3 Kd7 66.
Kd4 Kd6 67. Qg6+ Ke7 68. Qh7+ Kd8 69. Kd5 c2 1-0

[Event "OLSW 1920 SK Gau-Algesheim - Turm Illing"]
[Site "?"]
[Date "2020.01.19"]
[Round "5.5"]
[White "Biehler, Thomas"]
[Black "Friedrich, Marius"]
[Result "1-0"]
[WhiteElo "2224"]
[BlackElo "2071"]
[PlyCount "95"]
[EventDate "2020.??.??"]

1. c4 e5 2. g3 Nc6 3. Nc3 Nf6 4. Bg2 g6 5. d3 Bg7 6. e3 O-O 7. Nge2 d6 8. O-O
Be6 9. Nd5 Qd7 10. Qb3 Nd8 11. f4 c6 12. Nxf6+ Bxf6 13. fxe5 Bxe5 14. d4 Bg7
15. Nf4 Qe7 16. Bd2 Bf5 17. d5 Qe5 18. e4 Bg4 19. Bc3 Qe7 20. h3 Bd7 21. c5
dxc5 22. e5 cxd5 23. Nxd5 Qg5 24. g4 Bc6 25. Rae1 Ne6 26. Nf6+ Bxf6 27. Bxc6
bxc6 28. exf6 Rad8 29. Rxe6 fxe6 30. Qxe6+ Rf7 31. Qxc6 h5 32. Re1 Kh7 33. Qe6
Qd5 34. Qe2 Qd3 35. Qg2 Qd5 36. Re4 Qd1+ 37. Kh2 h4 38. g5 Qd6+ 39. Be5 Qd2 40.
Rxh4+ Kg8 41. Qxd2 Rxd2+ 42. Kg3 Rfd7 43. Bc3 R2d3+ 44. Kf4 R7d5 45. Rh6 Rf5+
46. Ke4 Rdf3 47. Rxg6+ Kf8 48. Be5 1-0

[Event "OLSW 1920 SK Gau-Algesheim - Turm Illing"]
[Site "?"]
[Date "2020.01.19"]
[Round "5.7"]
[White "Aubertin, Tim"]
[Black "Grieb, Lukas"]
[Result "1/2-1/2"]
[WhiteElo "1903"]
[BlackElo "1785"]
[PlyCount "64"]
[EventDate "2020.??.??"]

1. d4 d5 2. Bf4 Nf6 3. e3 e6 4. Bd3 Be7 5. c3 Nbd7 6. Nf3 c5 7. Nbd2 a6 8. h3
b5 9. O-O Bb7 10. Re1 Ne4 11. Bc2 g5 12. Be5 Nxe5 13. Nxe5 h5 14. f3 Nxd2 15.
Qxd2 Bd6 16. Rad1 Qe7 17. e4 O-O-O 18. Nd3 c4 19. e5 Bc7 20. Nc5 Bb6 21. Nxb7
Kxb7 22. a4 f5 23. exf6 Qxf6 24. Qe3 Rde8 25. Qe5 Rhf8 26. axb5 axb5 27. Ra1
Qd8 28. Bg6 Bc7 29. Qe2 Re7 30. Bxh5 Qd6 31. Qe5 Qxe5 32. dxe5 b4 1/2-1/2

[Event "OLSW 1920 SK Landau - SK Gau-Algesheim"]
[Site "?"]
[Date "2020.02.09"]
[Round "6.2"]
[White "Muranyi, Karl-Jasmin"]
[Black "Kling, Felix"]
[Result "1-0"]
[WhiteElo "2324"]
[BlackElo "2146"]
[PlyCount "65"]
[EventDate "2020.??.??"]

1. c4 e5 2. Nc3 Bb4 3. e3 Bxc3 4. bxc3 d6 5. d4 Nc6 6. Nf3 Qe7 7. Be2 Nf6 8.
Ba3 b6 9. O-O O-O 10. Nd2 Bb7 11. Re1 Kh8 12. Qc2 Nd7 13. Bg4 g6 14. f4 f6 15.
d5 Nd8 16. Bxd7 Qxd7 17. fxe5 fxe5 18. Rf1 Nf7 19. Rf3 Ng5 20. Rg3 Qe7 21. h4
Nf7 22. Nf3 Nh6 23. e4 Ng8 24. Bc1 Nf6 25. Bh6 Rg8 26. Rf1 Nh5 27. Ng5 Nf4 28.
Rgf3 Bc8 29. Qd2 Bd7 30. Rxf4 exf4 31. Qd4+ Rg7 32. Rxf4 Rf8 33. Bxg7+ 1-0

[Event "OLSW 1920 SK Landau - SK Gau-Algesheim"]
[Site "?"]
[Date "2020.02.09"]
[Round "6.3"]
[White "Frede, Lennart"]
[Black "Leuranguer, Yannick"]
[Result "1/2-1/2"]
[WhiteElo "2181"]
[BlackElo "2252"]
[PlyCount "52"]
[EventDate "2020.??.??"]

1. e4 e6 2. d4 d5 3. exd5 exd5 4. Qf3 Nf6 5. h3 h6 6. Bd3 Bd6 7. Ne2 O-O 8. O-O
Re8 9. Nbc3 c5 10. dxc5 Bxc5 11. Bf4 Nc6 12. Rad1 Ne5 13. Bxe5 Rxe5 14. Nf4 d4
15. Bc4 Bd7 16. Nce2 Bc6 17. Qd3 Qc7 18. Ng3 Rae8 19. Bb5 Rg5 20. Bxc6 Qxc6 21.
Rfe1 Rge5 22. Rxe5 Rxe5 23. Nfe2 Re8 24. Nf5 Qe6 25. Nfxd4 Bxd4 26. Nxd4 Qxa2
1/2-1/2

[Event "OLSW 1920 SK Landau - SK Gau-Algesheim"]
[Site "?"]
[Date "2020.02.09"]
[Round "6.4"]
[White "Bruch, Jochen"]
[Black "Friedrich, Marius"]
[Result "1-0"]
[WhiteElo "2183"]
[BlackElo "2065"]
[PlyCount "101"]
[EventDate "2020.??.??"]

1. Nf3 Nf6 2. g3 g6 3. Bg2 Bg7 4. O-O O-O 5. c4 d6 6. Nc3 c6 7. Rb1 Nbd7 8. b4
h6 9. b5 c5 10. d3 Kh7 11. Bd2 e5 12. Ne1 Ne8 13. Nc2 f5 14. f4 Nef6 15. Ne3
Re8 16. Qc2 Rb8 17. Rbe1 Nf8 18. Ned5 Ne6 19. e3 Nc7 20. a4 Be6 21. Kh1 Bxd5
22. cxd5 exf4 23. gxf4 Ng4 24. h3 Qh4 25. Kg1 Nf6 26. Rb1 Nd7 27. Nd1 Qe7 28.
Nf2 Qf7 29. Qb3 b6 30. Rbe1 Rbd8 31. e4 Nf6 32. Nh1 Nh5 33. Kh2 Bd4 34. Ng3
Nxg3 35. Kxg3 Qf6 36. Qc4 g5 37. exf5 Rg8 38. fxg5 Rxg5+ 39. Bxg5 Qxg5+ 40. Kh2
Rg8 41. Qc2 Qg3+ 42. Kh1 Ne8 43. Re7+ Kh8 44. Qd2 Qh4 45. Re4 Qh5 46. Qe2 Qf7
47. Re7 Qf8 48. Rxa7 Be5 49. a5 Qf6 50. axb6 Qh4 51. Rf3 1-0

[Event "OLSW 1920 SK Landau - SK Gau-Algesheim"]
[Site "?"]
[Date "2020.02.09"]
[Round "6.6"]
[White "Lang, Matthias"]
[Black "Erlekam, Simon"]
[Result "1-0"]
[WhiteElo "2164"]
[BlackElo "1886"]
[PlyCount "55"]
[EventDate "2020.??.??"]

1. d4 Nf6 2. Nf3 g6 3. Bg5 Bg7 4. Nbd2 d6 5. e4 Nbd7 6. Bd3 c5 7. d5 a6 8. a4
b6 9. O-O Rb8 10. Qe2 Ng4 11. c3 Ra8 12. h3 Nge5 13. Nxe5 Nxe5 14. Bc2 O-O 15.
f4 Nd7 16. Nc4 Rb8 17. Nxd6 f6 18. Nxc8 fxg5 19. Na7 Qc7 20. Nc6 Rbe8 21. fxg5
Ne5 22. Qxa6 Nxc6 23. dxc6 Qxc6 24. a5 Rb8 25. Qc4+ Kh8 26. Rxf8+ Rxf8 27. a6
b5 28. Qd5 1-0

[Event "OLSW 1920 SK Landau - SK Gau-Algesheim"]
[Site "?"]
[Date "2020.02.09"]
[Round "6.7"]
[White "Grieb, Lukas"]
[Black "Karpa, Adrian"]
[Result "1/2-1/2"]
[WhiteElo "1788"]
[BlackElo "2162"]
[PlyCount "126"]
[EventDate "2020.??.??"]

1. e4 c5 2. Nf3 d6 3. d4 cxd4 4. Nxd4 Nf6 5. Nc3 a6 6. Bg5 e6 7. Be2 Be7 8. Qd2
b5 9. a3 h6 10. Be3 Bb7 11. f3 Nbd7 12. a4 b4 13. Na2 a5 14. Bb5 O-O 15. Bc6
Qc7 16. Bxb7 Qxb7 17. O-O d5 18. exd5 Nxd5 19. Bf2 Bg5 20. Qe2 Rac8 21. Nb5 Bf4
22. c4 N5b6 23. b3 Nc5 24. Nc1 Qe7 25. Nd3 Nxd3 26. Qxd3 Nd7 27. Qe4 Qf6 28.
Bd4 Qh4 29. g3 Bxg3 30. hxg3 Qxg3+ 31. Kh1 Qh3+ 32. Kg1 Qg3+ 33. Kh1 e5 34. Bf2
Qh3+ 35. Kg1 Nf6 36. Qxe5 Qxf3 37. Qg3 Qxg3+ 38. Bxg3 Ne4 39. Bd6 Rfd8 40. Rad1
Rc6 41. Be7 Rg6+ 42. Kh2 Rd2+ 43. Rxd2 Nxd2 44. Rd1 Nxb3 45. Rd3 Nc1 46. Rd1
Nb3 47. c5 Re6 48. Bd6 Re2+ 49. Kg3 Rc2 50. Nd4 Rc3+ 51. Kf4 Nxc5 52. Bxc5 Rxc5
53. Nb3 g5+ 54. Ke4 Rc3 55. Rb1 Rc8 56. Nxa5 Ra8 57. Nc6 Rxa4 58. Rxb4 Ra6 59.
Ne5 Rf6 60. Rb2 Kg7 61. Kd3 Re6 62. Kd4 Kf6 63. Rf2+ Kg7 1/2-1/2

[Event "OLSW 1920 SK Landau - SK Gau-Algesheim"]
[Site "?"]
[Date "2020.02.09"]
[Round "6.8"]
[White "Schatz, Dieter"]
[Black "Grieb, Stefan"]
[Result "1/2-1/2"]
[WhiteElo "2109"]
[BlackElo "1880"]
[PlyCount "53"]
[EventDate "2020.??.??"]

1. e4 c6 2. Nc3 d5 3. f4 e6 4. Nf3 d4 5. Ne2 c5 6. Ng3 Nc6 7. Bc4 Nf6 8. O-O
Na5 9. d3 Nxc4 10. dxc4 Be7 11. e5 Nd7 12. f5 exf5 13. Nxf5 O-O 14. Qe1 Nb6 15.
Nxe7+ Qxe7 16. Bg5 Qe6 17. b3 Re8 18. Bf4 Bd7 19. Bg3 h6 20. Qd2 Bc6 21. Ne1
Nd7 22. Nd3 Be4 23. Nf4 Qc6 24. Nh5 Bg6 25. Nf4 Be4 26. Nh5 Bg6 27. Nf4 1/2-1/2

[Event "OLSW 1920 Turm Illingen - SF Heidesheim"]
[Site "?"]
[Date "2020.02.09"]
[Round "6.1"]
[White "Carow, Johannes"]
[Black "Mayer, Frank"]
[Result "1-0"]
[WhiteElo "2437"]
[BlackElo "2295"]
[PlyCount "79"]
[EventDate "2020.??.??"]

1. d4 Nf6 2. c4 e6 3. Nc3 Bb4 4. Qc2 O-O 5. a3 Bxc3+ 6. Qxc3 d5 7. e3 b6 8.
cxd5 exd5 9. Nf3 Qd6 10. b3 Ne4 11. Qc2 c5 12. Bb2 Re8 13. Bb5 Nd7 14. O-O a6
15. Bd3 Bb7 16. Rfd1 Rac8 17. Qe2 a5 18. a4 cxd4 19. Nxd4 Ndf6 20. Nf5 Qd7 21.
Qf3 Qd8 22. Bxe4 Rxe4 23. Nh6+ gxh6 24. Bxf6 Qc7 25. Qf5 Rce8 26. f3 Rb4 27.
Qh5 Qc5 28. Rd4 Rxd4 29. Bxd4 Qd6 30. Rc1 Re6 31. Qf5 Ba6 32. Qc2 b5 33. axb5
Bxb5 34. Qd2 Qa3 35. Qe1 f6 36. Rc7 Be8 37. Qg3+ Bg6 38. Rc8+ Kf7 39. Qc7+ Re7
40. Qc6 1-0

[Event "OLSW 1920 Turm Illingen - SF Heidesheim"]
[Site "?"]
[Date "2020.02.09"]
[Round "6.2"]
[White "Klein, Joachim"]
[Black "Karst, Elmar"]
[Result "1/2-1/2"]
[WhiteElo "2178"]
[BlackElo "2314"]
[PlyCount "139"]
[EventDate "2020.??.??"]

1. e4 c5 2. Nf3 e6 3. Nc3 a6 4. d4 cxd4 5. Nxd4 Qc7 6. g3 b5 7. Bg2 Bb7 8. O-O
d6 9. a4 b4 10. Na2 Nf6 11. Re1 Be7 12. Bd2 O-O 13. Nxb4 Nbd7 14. Nd3 Rab8 15.
Nb3 Rfc8 16. Rc1 Ba8 17. Na5 Bd8 18. b4 Qa7 19. Be3 Qc7 20. f3 Qc3 21. Kh1 Bxa5
22. Bd2 Qc4 23. bxa5 Qxa4 24. Re2 Rc4 25. Be1 d5 26. e5 Ne8 27. Ra1 Qc6 28. c3
Nc7 29. Nb2 Rc5 30. Nd3 Rcb5 31. f4 Qb7 32. Rc2 Nc5 33. Nxc5 Rxc5 34. Bf2 Rc4
35. Bb6 Nb5 36. Rac1 Rbc8 37. Qf3 Qe7 38. Qd3 Qa3 39. f5 Rxc3 40. Rxc3 Rxc3 41.
Rxc3 Qxc3 42. Qxc3 Nxc3 43. fxe6 fxe6 44. Bf1 Bb7 45. Bd3 Na2 46. Kg1 Nb4 47.
Bb1 Nc6 48. Bc7 Na7 49. Bc2 Bc6 50. Bb6 Nb5 51. Ba4 Kf7 52. Kf2 Be8 53. Bxb5
Bxb5 54. Kf3 Kg6 55. Kf4 Kh5 56. Bd8 Be2 57. h3 Kg6 58. Bb6 Bf1 59. h4 Kh5 60.
Kf3 Bh3 61. Bc5 Bg4+ 62. Kf4 Bd1 63. Bb6 h6 64. Bd8 Bg4 65. Be7 Bf5 66. Bf8 g5+
67. hxg5 hxg5+ 68. Ke3 Kg4 69. Be7 Bc2 70. Kd4 1/2-1/2

[Event "OLSW 1920 Turm Illingen - SF Heidesheim"]
[Site "?"]
[Date "2020.02.09"]
[Round "6.3"]
[White "Enzmann, Steffen"]
[Black "Kuhn, Patrick"]
[Result "1/2-1/2"]
[WhiteElo "2168"]
[BlackElo "2044"]
[PlyCount "95"]
[EventDate "2020.??.??"]

1. Nf3 d5 2. g3 Nf6 3. Bg2 e6 4. O-O Be7 5. d3 O-O 6. Nbd2 Nc6 7. e4 dxe4 8.
dxe4 e5 9. Qe2 Bc5 10. c3 a5 11. Nc4 Qe7 12. Bg5 h6 13. Bxf6 Qxf6 14. Ne3 Bxe3
15. Qxe3 Rd8 16. Nh4 Be6 17. Qe2 Rd7 18. Qb5 Ra6 19. b3 Rb6 20. Qe2 Ne7 21.
Rad1 Nc8 22. c4 a4 23. Rxd7 Bxd7 24. c5 Rb4 25. Qd2 Rd4 26. Qa5 b6 27. cxb6
cxb6 28. Qa8 Qc6 29. Qxc6 Bxc6 30. Nf5 Rd7 31. Rc1 axb3 32. axb3 Na7 33. Bh3
Rb7 34. Nd6 Rb8 35. f3 Rd8 36. Nc4 Re8 37. Nxb6 Rb8 38. Nc4 f6 39. Nd6 Kf8 40.
Rc3 Rb6 41. Bf1 Bb5 42. Bxb5 Nxb5 43. Rc8+ Ke7 44. Nf5+ Kf7 45. Rd8 Rb7 46. Kf2
Kg6 47. h4 Nd4 48. Nxd4 1/2-1/2

[Event "OLSW 1920 Turm Illingen - SF Heidesheim"]
[Site "?"]
[Date "2020.02.09"]
[Round "6.4"]
[White "Giese, Tilman"]
[Black "Siegismund, Annelen"]
[Result "0-1"]
[WhiteElo "1995"]
[BlackElo "2123"]
[PlyCount "72"]
[EventDate "2020.??.??"]

1. Nf3 c5 2. g3 Nc6 3. Bg2 g6 4. O-O Bg7 5. c3 e5 6. e4 Nge7 7. Qe2 O-O 8. b3
d5 9. Ba3 b6 10. b4 cxb4 11. cxb4 d4 12. d3 b5 13. Nbd2 Qd6 14. Nb3 a5 15. Rfb1
axb4 16. Bc1 h6 17. Qc2 Bg4 18. Bd2 f5 19. Nh4 f4 20. h3 Be6 21. Nc5 fxg3 22.
fxg3 Rfc8 23. Nxe6 Qxe6 24. Qb3 Qxb3 25. Rxb3 Ra4 26. Nf3 Rca8 27. Rb2 Ra3 28.
Bxb4 Nxb4 29. Rxb4 R8a5 30. Rab1 Rxd3 31. Rxb5 Rxa2 32. Nxe5 Rxg3 33. Rb8+ Kh7
34. R1b7 Rgxg2+ 35. Kh1 Rh2+ 36. Kg1 Rhd2 0-1

[Event "OLSW 1920 Turm Illingen - SF Heidesheim"]
[Site "?"]
[Date "2020.02.09"]
[Round "6.5"]
[White "Faldum, Manfred"]
[Black "Biehler, Thomas"]
[Result "0-1"]
[WhiteElo "2068"]
[BlackElo "2230"]
[PlyCount "120"]
[EventDate "2020.??.??"]

1. Nf3 Nf6 2. g3 d5 3. Bg2 g6 4. O-O Bg7 5. d3 O-O 6. Nbd2 b6 7. e4 e6 8. Re1
Bb7 9. e5 Nfd7 10. Nf1 c5 11. h4 Nc6 12. Bf4 f6 13. exf6 Qxf6 14. c3 e5 15. Bg5
Qf7 16. Qd2 Rae8 17. Rad1 d4 18. c4 e4 19. dxe4 Qxc4 20. b3 Qe6 21. Bf4 Nde5
22. Nxe5 Nxe5 23. Bxe5 Bxe5 24. f4 Bc7 25. Qd3 h6 26. Nh2 Kg7 27. Rc1 Rf7 28.
b4 Qxa2 29. bxc5 bxc5 30. Qb5 Ref8 31. Qxb7 Bxf4 32. Qb1 Be3+ 33. Kh1 Qf2 34.
Rxc5 Qxg3 35. Rxe3 dxe3 36. Rc1 Rf2 37. Rg1 e2 38. Qe1 Qxh4 39. Qc3+ Kh7 40.
Qe3 R8f7 41. e5 Qf4 42. Qxf4 R7xf4 43. Re1 Kg7 44. Kg1 h5 45. Ra1 a5 46. Rc1
Kf8 47. Bh3 g5 48. Rc8+ Kg7 49. Rc7+ Rf7 50. Rc1 g4 51. e6 Rxh2 52. Kxh2 Re7
53. Bg2 Rxe6 54. Re1 Kf6 55. Kg3 Kg5 56. Kf2 Kf4 57. Rxe2 Rxe2+ 58. Kxe2 Kg3
59. Kf1 Kh2 60. Bc6 h4 0-1

[Event "OLSW 1920 Turm Illingen - SF Heidesheim"]
[Site "?"]
[Date "2020.02.09"]
[Round "6.6"]
[White "Hauer, Andreas"]
[Black "Foerster, Erik"]
[Result "1-0"]
[WhiteElo "1916"]
[BlackElo "2105"]
[PlyCount "125"]
[EventDate "2020.??.??"]

1. e4 e6 2. d3 d5 3. Qe2 dxe4 4. dxe4 e5 5. Nf3 Nc6 6. c3 Bg4 7. Be3 Nf6 8.
Nbd2 Bd6 9. h3 Bh5 10. g4 Bg6 11. Bg5 Qe7 12. O-O-O O-O-O 13. Bxf6 gxf6 14. Nc4
Qe6 15. Nxd6+ Rxd6 16. Rxd6 cxd6 17. b3 d5 18. exd5 Qxd5 19. Bg2 Qc5 20. Kb2
Rd8 21. Qe3 Qxe3 22. fxe3 Rd3 23. Re1 e4 24. Nh4 Rd2+ 25. Kb1 Kc7 26. Nxg6 Rxg2
27. Nf4 Rd2 28. Re2 Rd6 29. Kc2 Ne5 30. Rd2 Nf3 31. Rxd6 Kxd6 32. c4 Ke5 33. b4
f5 34. gxf5 Kxf5 35. Kc3 Ke5 36. c5 Nh4 37. a4 Nf5 38. Kd2 Ne7 39. b5 Nd5 40.
Ne2 f5 41. h4 h5 42. a5 a6 43. c6 bxc6 44. b6 Kd6 45. Ng3 Ne7 46. Nxh5 c5 47.
Nf4 Nc6 48. h5 Ke5 49. h6 Kf6 50. b7 Kf7 51. h7 Kg7 52. Ne6+ Kxh7 53. Nxc5 Nb8
54. Kc3 Kg6 55. Kd4 Kg5 56. Kd5 Kg4 57. Kd6 f4 58. exf4 e3 59. Kc7 e2 60. Nd3
Kf3 61. Kxb8 Ke3 62. Ne1 Kf2 63. Nc2 1-0

[Event "OLSW 1920 Turm Illingen - SF Heidesheim"]
[Site "?"]
[Date "2020.02.09"]
[Round "6.7"]
[White "Beck, Michael"]
[Black "Aubertin, Tim"]
[Result "1-0"]
[WhiteElo "2101"]
[BlackElo "1900"]
[PlyCount "77"]
[EventDate "2020.??.??"]

1. e4 e6 2. d3 d5 3. Nd2 Nf6 4. Ngf3 b6 5. Be2 Bb7 6. e5 Nfd7 7. d4 c5 8. c3
Ba6 9. Bxa6 Nxa6 10. Qe2 Nab8 11. O-O Be7 12. Rd1 O-O 13. Nf1 Nc6 14. Ng3 f6
15. exf6 Rxf6 16. Nh5 Rg6 17. Nf4 Rf6 18. Nxe6 Qc8 19. Bg5 Rf7 20. dxc5 Nxc5
21. Nxc5 Bxc5 22. Rxd5 h6 23. Bh4 Qg4 24. Bg3 Ne7 25. Re5 Nf5 26. Qe4 Qxe4 27.
Rxe4 a5 28. Rae1 Raa7 29. Re8+ Kh7 30. Rd1 g5 31. Rdd8 Nxg3 32. hxg3 Rfd7 33.
Ne5 Rxd8 34. Rxd8 Ra6 35. Rd7+ Kg8 36. a4 Ra8 37. Ng4 Bf8 38. Nf6+ Kh8 39. Rh7#
1-0

[Event "OLSW 1920 SK Frankenthal - SK Altenkirch"]
[Site "?"]
[Date "2020.02.09"]
[Round "6.1"]
[White "Bruehl, Andreas"]
[Black "Syrov, Arkadi"]
[Result "1-0"]
[WhiteElo "2318"]
[BlackElo "2347"]
[PlyCount "61"]
[EventDate "2020.??.??"]

1. d4 Nf6 2. c4 g6 3. f3 Bg7 4. e4 d6 5. Nc3 O-O 6. Be3 c5 7. Nge2 Nc6 8. d5
Ne5 9. Ng3 h5 10. Be2 h4 11. Nf1 e6 12. Nd2 exd5 13. cxd5 a6 14. a4 Re8 15. a5
Nh7 16. Na4 Qxa5 17. Nxc5 Qb4 18. Na4 Ng4 19. Bg1 b5 20. Nb6 Bd4 21. Nxa8 Bxg1
22. fxg4 Qc5 23. Nf3 Bxg4 24. Nxg1 Nf6 25. Rc1 Qe3 26. Qd2 Qxe4 27. Nc7 Re7 28.
Nf3 h3 29. O-O hxg2 30. Rf2 Nh5 31. Ng5 1-0

[Event "OLSW 1920 SK Frankenthal - SK Altenkirch"]
[Site "?"]
[Date "2020.02.09"]
[Round "6.2"]
[White "Fulea, Dan"]
[Black "Kaster, Martin"]
[Result "1-0"]
[WhiteElo "2217"]
[BlackElo "2062"]
[PlyCount "45"]
[EventDate "2020.??.??"]

1. e4 c6 2. d4 d5 3. f3 g6 4. Nc3 Bg7 5. Be3 dxe4 6. fxe4 Nf6 7. Nf3 Qb6 8. Rb1
Nbd7 9. h3 e5 10. Qd2 exd4 11. Bxd4 c5 12. Nd5 Qd8 13. Nxf6+ Bxf6 14. Bxf6 Qxf6
15. Qh6 Kd8 16. Bb5 Re8 17. O-O Rxe4 18. Bxd7 Bxd7 19. Ng5 Qd4+ 20. Kh1 Re8 21.
Rbd1 Qb4 22. c3 Qa4 23. b3 1-0

[Event "OLSW 1920 SK Frankenthal - SK Altenkirch"]
[Site "?"]
[Date "2020.02.09"]
[Round "6.4"]
[White "Prestel, Oliver"]
[Black "Giesler, Stephan"]
[Result "1-0"]
[WhiteElo "2117"]
[BlackElo "2013"]
[PlyCount "69"]
[EventDate "2020.??.??"]

1. d4 Nf6 2. Bf4 d5 3. e3 e6 4. Nd2 Bd6 5. Bg3 c5 6. c3 Nc6 7. Ngf3 O-O 8. Bd3
Re8 9. Ne5 Qc7 10. f4 cxd4 11. exd4 Ne7 12. Bh4 Ng6 13. Bxf6 gxf6 14. Ng4 Kg7
15. O-O f5 16. Ne5 f6 17. Nxg6 hxg6 18. Qf3 Bd7 19. Rf2 Rh8 20. Nf1 Rh4 21. g3
Rh3 22. Ne3 Rah8 23. Bf1 R3h6 24. Re1 Qa5 25. a3 g5 26. Rg2 Rh3 27. Rge2 R3h6
28. fxg5 fxg5 29. Nxf5+ exf5 30. Re7+ Bxe7 31. Rxe7+ Kf6 32. Rxd7 Rd8 33. Rxb7
Rd6 34. Bd3 f4 35. Qg4 1-0

[Event "OLSW 1920 SK Frankenthal - SK Altenkirch"]
[Site "?"]
[Date "2020.02.09"]
[Round "6.5"]
[White "Hahmann, Markus"]
[Black "Geyer, Bernhard"]
[Result "0-1"]
[WhiteElo "1905"]
[BlackElo "2158"]
[PlyCount "60"]
[EventDate "2020.??.??"]

1. d4 d5 2. Nc3 Nf6 3. Bf4 a6 4. e3 b5 5. a3 e6 6. Nf3 c5 7. Be2 Be7 8. Ne5 Bd7
9. O-O Nc6 10. h3 O-O 11. Bf3 Qb6 12. dxc5 Qxc5 13. Nd3 Qb6 14. Ne2 Rfd8 15. c3
Rac8 16. Rc1 Be8 17. Nd4 Na5 18. Ne5 Ne4 19. Bxe4 dxe4 20. Qg4 Bf8 21. Bh6 Rd5
22. f4 Nc4 23. Nxc4 Rxc4 24. f5 exf5 25. Nxf5 Rxf5 26. Qxf5 Qxh6 27. Rce1 Qc6
28. Rf4 g6 29. Qg5 Rc5 30. Qd8 Rd5 0-1

[Event "OLSW 1920 SK Frankenthal - SK Altenkirch"]
[Site "?"]
[Date "2020.02.09"]
[Round "6.6"]
[White "Kargoll, Peter"]
[Black "Hertlein, Alexander"]
[Result "1-0"]
[WhiteElo "2130"]
[BlackElo "1748"]
[PlyCount "65"]
[EventDate "2020.??.??"]

1. d4 d5 2. Bf4 Nf6 3. e3 e6 4. Nd2 Be7 5. Bd3 O-O 6. Ngf3 b6 7. Ne5 Bb7 8. Qf3
Nbd7 9. Qh3 c5 10. c3 a5 11. g4 g6 12. Rg1 Ne4 13. Qh6 Nxe5 14. Bxe5 f6 15. Bg3
Rf7 16. f4 Nxd2 17. Kxd2 Bf8 18. Qh3 f5 19. Bh4 Qd7 20. Qf3 c4 21. Bc2 b5 22.
Bf2 b4 23. h4 a4 24. h5 Rg7 25. a3 b3 26. Bd1 gxh5 27. g5 Bd6 28. Qh3 Bc6 29.
Bxh5 Qc7 30. g6 h6 31. Be2 Be7 32. Qxh6 Kf8 33. Qh8+ 1-0

[Event "OLSW 1920 SK Frankenthal - SK Altenkirch"]
[Site "?"]
[Date "2020.02.09"]
[Round "6.7"]
[White "Cleve-Prinz, Wolfgang"]
[Black "Louis, Volker"]
[Result "0-1"]
[WhiteElo "1955"]
[BlackElo "2071"]
[PlyCount "126"]
[EventDate "2020.??.??"]

1. Nf3 g6 2. c4 Bg7 3. d4 f5 4. g3 Nf6 5. Bg2 d6 6. O-O O-O 7. Nc3 Nc6 8. d5
Ne5 9. Qb3 Nh5 10. Nxe5 dxe5 11. c5 Kh8 12. d6 exd6 13. cxd6 Qxd6 14. Rd1 Qe7
15. Be3 c6 16. Na4 Be6 17. Qc2 Qf7 18. Nc5 Bd5 19. Bxd5 cxd5 20. Qb3 b6 21. Nd3
Rac8 22. Rac1 Rc4 23. Nb4 f4 24. Nxd5 Rxc1 25. Bxc1 fxg3 26. f3 Qf5 27. Kg2
gxh2 28. Kxh2 Nf4 29. Nxf4 exf4 30. Rd5 Qf6 31. Qd3 Re8 32. Bd2 Qe7 33. Kg1 Bf6
34. Bc3 Bxc3 35. Qxc3+ Kg8 36. Rd2 Qe3+ 37. Qxe3 Rxe3 38. Kf2 Kf7 39. Rd7+ Re7
40. Rd6 h6 41. Rc6 h5 42. Rc4 g5 43. Rc6 Rd7 44. Rh6 h4 45. Rh7+ Ke6 46. Rh6+
Kf5 47. e4+ fxe3+ 48. Kxe3 Re7+ 49. Kf2 Rc7 50. Ke3 Rc2 51. Rh7 a6 52. b4 Rxa2
53. Rh6 b5 54. Rh8 Ra3+ 55. Kf2 Rb3 56. Rf8+ Ke5 57. Rg8 Rxb4 58. Rxg5+ Kf6 59.
Rh5 a5 60. Ke3 a4 61. f4 h3 62. Rh8 Kg7 63. Rh4 a3 0-1

[Event "OLSW 1920 SK Frankenthal - SK Altenkirch"]
[Site "?"]
[Date "2020.02.09"]
[Round "6.8"]
[White "Tresch, Lukas"]
[Black "Kanno, Clara Yumi"]
[Result "1-0"]
[WhiteElo "2042"]
[BlackElo "1130"]
[PlyCount "83"]
[EventDate "2020.??.??"]

1. e4 c5 2. Nf3 d6 3. Bb5+ Nc6 4. O-O e6 5. Re1 a6 6. Bf1 Qc7 7. c3 Be7 8. d4
Nf6 9. Bg5 cxd4 10. cxd4 O-O 11. Nc3 h6 12. Bh4 b5 13. Rc1 Qb8 14. e5 dxe5 15.
dxe5 Nd7 16. Ne4 Bxh4 17. Rxc6 Be7 18. Nd6 Bxd6 19. Rxd6 Rd8 20. Qd2 a5 21. Nd4
Bb7 22. Nxb5 Bd5 23. Qd4 Qb7 24. Rd1 Rac8 25. Nc3 Bc6 26. b3 Rc7 27. f3 Qc8 28.
Nb5 Rb7 29. Na7 Rxa7 30. Qxa7 Kf8 31. Ba6 Qb8 32. Qxb8 Rxb8 33. Rxc6 Nxe5 34.
Rc7 g6 35. f4 Ng4 36. Rdd7 Nf6 37. Rxf7+ Ke8 38. Rxf6 Rd8 39. Bb5+ Rd7 40. Rxd7
h5 41. Rxg6 a4 42. Rg8# 1-0

[Event "OLSW 1920 Gambit Saarbrücken - SVG Saarb"]
[Site "?"]
[Date "2020.02.09"]
[Round "6.1"]
[White "Bastian, Herbert"]
[Black "Pucher, Sebastien"]
[Result "0-1"]
[WhiteElo "2301"]
[BlackElo "2302"]
[PlyCount "56"]
[EventDate "2020.??.??"]

1. e4 g6 2. d4 Bg7 3. c3 d6 4. Nf3 Nf6 5. Bd3 O-O 6. O-O Nc6 7. Re1 Bg4 8. Nbd2
e5 9. d5 Ne7 10. Bf1 Bh6 11. Nc4 Bxc1 12. Rxc1 Nd7 13. Ne3 Bxf3 14. Qxf3 f5 15.
exf5 gxf5 16. Qh3 Rf6 17. Bd3 Qf8 18. g4 e4 19. Nxf5 Nxf5 20. Bxe4 Rh6 21. Qf1
Nh4 22. g5 Rh5 23. f4 Ng6 24. Bxg6 hxg6 25. Re6 Qf5 26. Rce1 Rf8 27. b4 Rf7 28.
Qf2 Rxg5+ 0-1

[Event "OLSW 1920 Gambit Saarbrücken - SVG Saarb"]
[Site "?"]
[Date "2020.02.09"]
[Round "6.2"]
[White "Muller, Etienne"]
[Black "Mohammad, Samir"]
[Result "0-1"]
[WhiteElo "2215"]
[BlackElo "2296"]
[PlyCount "82"]
[EventDate "2020.??.??"]

1. e4 c5 2. Nf3 g6 3. d4 Bg7 4. Nc3 cxd4 5. Nxd4 Nc6 6. Be3 Nf6 7. Bc4 O-O 8.
Bb3 d6 9. f3 Nxd4 10. Bxd4 Be6 11. Nd5 Nxd5 12. exd5 Bd7 13. Bxg7 Kxg7 14. Qd4+
f6 15. h4 Qa5+ 16. c3 Qc5 17. Qd2 h6 18. O-O-O a5 19. h5 g5 20. Rde1 Rf7 21. f4
g4 22. f5 Bxf5 23. Rhf1 Bd7 24. Rf4 f5 25. Bd1 Rg8 26. Kb1 b5 27. Qd3 Kf8 28.
b4 axb4 29. cxb4 Qb6 30. Qc3 Rf6 31. g3 Kf7 32. Bb3 Rg5 33. Qd3 Qd8 34. Rh1 Kf8
35. Qd4 Kg8 36. Bc2 Qa8 37. Re1 Kf7 38. Ref1 Qf8 39. Rh1 Be8 40. Qe3 Qg7 41.
Rhf1 Kg8 {Partie weiter nicht nachvollziehbar} 0-1

[Event "OLSW 1920 Gambit Saarbrücken - SVG Saarb"]
[Site "?"]
[Date "2020.02.09"]
[Round "6.3"]
[White "Oliwa, Patryk"]
[Black "Vogel, Christian"]
[Result "1-0"]
[WhiteElo "2251"]
[BlackElo "2216"]
[PlyCount "73"]
[EventDate "2020.??.??"]

1. d4 g6 2. h4 Nf6 3. Nc3 d5 4. Bg5 Nbd7 5. h5 Nxh5 6. Nxd5 c6 7. Nc3 Bg7 8.
Qd2 h6 9. Bh4 g5 10. g4 Nf4 11. Bg3 Ng6 12. f3 Nb6 13. e3 e5 14. Ne4 Be6 15.
O-O-O Qe7 16. dxe5 Nxe5 17. Nd6+ Kf8 18. Qh2 Bc8 19. e4 Na4 20. c3 Qf6 21. Qd2
Be6 22. Nf5 Bxf5 23. gxf5 Nc5 24. f4 gxf4 25. Bh4 Nxe4 26. Bxf6 Nxd2 27. Bxe5
Ne4 28. Bxg7+ Kxg7 29. Nh3 Kf6 30. Nxf4 Nf2 31. Nh5+ Kg5 32. Rg1+ Kxh5 33. Rd4
Rhg8 34. Be2+ Ng4 35. Rdxg4 Rxg4 36. Rxg4 Re8 37. Re4+ 1-0